| 000 | 00846nam a22002777a 4500 | ||
|---|---|---|---|
| 003 | CHAP | ||
| 005 | 20220329135429.0 | ||
| 008 | 971013s1901 r 00010 d | ||
| 010 | _a36340 | ||
| 011 | _a37312 | ||
| 035 | _a41432 | ||
| 040 | _cCHAP | ||
| 082 |
_a389.152 _bM4 |
||
| 110 |
_aMéxico. Departamento de Pesas y Medidas _976917 |
||
| 245 | _aPrototipos nacionales de metro y kilogramo | ||
| 260 |
_aMéxico, D.F. : _bSecretaría de Fomento, _c1901 |
||
| 300 |
_a77 p. _b: ilus |
||
| 590 |
_aBATCH-UPD _b10 _c20130110 _lUCH01 _h2321 |
||
| 590 |
_aBATCH-UPD _b10 _c20130410 _lUCH01 _h1611 |
||
| 590 |
_aBATCH-UPD _b10 _c20130914 _lUCH01 _h2025 |
||
| 590 |
_aCONVERSION _b10 _c20130109 _lUCH01 _h1320 |
||
| 650 | 1 | 4 |
_aSistema métrico. _9106718 |
| 901 | _aBK | ||
| 942 | _cLIBRO | ||
| 949 |
_a389.152 M4 _bBC _cBPP _d-94811 _eBPP _h7189 _i41432 _si |
||
| 999 |
_c36340 _d36340 |
||